000 00618cam a22002053a 4500
001 38545
003 PGUSA
005 20140828083841.0
008 120110s2012||||xxu|||||s|||||000 | eng d
040 _aPGUSA
_beng
042 _adc
100 1 _aCunningham, Francis,
_d1785-1863
245 1 4 _aThe Pilot's Daughter :
_ban account of Elizabeth Cullingham
_h[electronic resource] /
_cFrancis Cunningham
260 _bProject Gutenberg,
_c2012
506 _aPublic domain in the USA.
516 _aElectronic text
830 0 _aProject Gutenberg
_v38545
856 4 0 _uhttp://www.gutenberg.org/ebooks/38545
942 _cEB
999 _c267799
_d267799